[Event "TUR-chT 2nd League"]
[Site "Denizli"]
[Date "2023.07.15"]
[Round "9.35"]
[White "Sade, Defne"]
[Black "Mustu, Hatice Asli"]
[Result "0-1"]
[WhiteElo "1914"]
[BlackElo "1857"]
[PlyCount "59"]
[EventDate "2023.07.09"]
[EventType "team-swiss"]
[EventRounds "9"]
[EventCountry "TUR"]
[SourceTitle "CBM 215 Extra"]
[Source "ChessBase"]
[SourceDate "2023.09.30"]
[SourceVersion "1"]
[SourceVersionDate "2023.09.30"]
[SourceQuality "1"]
[WhiteTeam "Moda"]
[BlackTeam "Canakkale Apaydin"]
[WhiteTeamCountry "TUR"]
[BlackTeamCountry "TUR"]

1. e4 c5 2. Nf3 Nc6 3. d4 cxd4 4. Nxd4 Nf6 5. Nc3 e5 6. Nde2 Bc5 7. Ng3 Qb6 8. Qf3 d6 9. h3 Nd4 10. Qd3 0-0 11. a3 a5 12. Na4 Qc6 13. Nxc5 dxc5 14. c3 c4 15. Qd1 Nb3 16. Rb1 Nxe4 17. Qc2 Nxg3 18. fxg3 Be6 19. Be3 Bd5 20. Rd1 Be4 21. Qf2 Rad8 22. Rxd8 Rxd8 23. Rg1 Rd6 24. g4 Na1 25. Qg3 Nc2+ 26. Kf2 Rf6+ 27. Ke2 Qd5 28. Bd4 Nxd4+ 29. cxd4 Qxd4 30. Qe3 0-1

[Event "TUR-chT 2nd League"]
[Site "Denizli"]
[Date "2023.07.14"]
[Round "8.35"]
[White "Isgandarova, Khayala Ilqar Qizi"]
[Black "Sade, Defne"]
[Result "1-0"]
[WhiteElo "2173"]
[BlackElo "1914"]
[PlyCount "99"]
[EventDate "2023.07.09"]
[EventType "team-swiss"]
[EventRounds "9"]
[EventCountry "TUR"]
[SourceTitle "CBM 215 Extra"]
[Source "ChessBase"]
[SourceDate "2023.09.30"]
[SourceVersion "1"]
[SourceVersionDate "2023.09.30"]
[SourceQuality "1"]
[WhiteTeam "Yildiz"]
[BlackTeam "Moda"]
[WhiteTeamCountry "TUR"]
[BlackTeamCountry "TUR"]

1. d4 d5 2. e3 Nf6 3. Bd3 c5 4. c3 Nc6 5. f4 Bg4 6. Nf3 e6 7. 0-0 Bd6 8. h3 Bf5 9. Ne5 Bxd3 10. Qxd3 Ne4 11. Nd2 Nxd2 12. Bxd2 0-0 13. Rae1 f5 14. Nf3 c4 15. Qe2 Be7 16. g4 Qe8 17. Rf2 b5 18. Rg2 Bf6 19. Kh1 a5 20. Reg1 Ra7 21. Be1 b4 22. gxf5 exf5 23. Ne5 Kh8 24. Qf3 Qe6 25. Qh5 Bxe5 26. dxe5 Qe8 27. Qxe8 Rxe8 28. Rd2 Ne7 29. Bh4 Ng6 30. Bf2 Rd7 31. h4 Rb8 32. h5 Ne7 33. Bh4 bxc3 34. bxc3 a4 35. Rgd1 Kg8 36. Bxe7 Rxe7 37. Rxd5 Rb2 38. R1d2 Rb1+ 39. Kg2 a3 40. Ra5 g6 41. hxg6 hxg6 42. Rxa3 Kf7 43. Ra4 g5 44. Rxc4 gxf4 45. exf4 Re6 46. Rc7+ Ke8 47. Kf3 Rf1+ 48. Ke3 Rg6 49. Rh2 Re1+ 50. Kd2 1-0

[Event "TUR-chT 2nd League"]
[Site "Denizli"]
[Date "2023.07.09"]
[Round "1.35"]
[White "Sade, Defne"]
[Black "Mahdian, Anousha"]
[Result "0-1"]
[WhiteElo "1914"]
[BlackElo "2075"]
[PlyCount "79"]
[EventDate "2023.07.09"]
[EventType "team-swiss"]
[EventRounds "9"]
[EventCountry "TUR"]
[SourceTitle "CBM 215 Extra"]
[Source "ChessBase"]
[SourceDate "2023.09.30"]
[SourceVersion "1"]
[SourceVersionDate "2023.09.30"]
[SourceQuality "1"]
[WhiteTeam "Moda"]
[BlackTeam "Cesme Belediye"]
[WhiteTeamCountry "TUR"]
[BlackTeamCountry "TUR"]

1. e4 c6 2. Nc3 d5 3. Nf3 g6 4. exd5 cxd5 5. Bb5+ Nc6 6. Ne5 Bd7 7. Bxc6 bxc6 8. d4 Bg7 9. Bf4 f6 10. Nxd7 Qxd7 11. 0-0 Kf7 12. Re1 Re8 13. Qf3 Qf5 14. g4 Qc8 15. Bg3 h5 16. g5 Qf5 17. Qxf5 gxf5 18. g6+ Kxg6 19. Re6 f4 20. Bh4 Nh6 21. f3 Nf5 22. Bf2 Rc8 23. Na4 Kf7 24. Rae1 Ne3 25. Nc5 Bh6 26. c3 Rhd8 27. b3 Rc7 28. Re2 Bg5 29. Kh1 h4 30. Re1 h3 31. Re2 Rcc8 32. Re1 Bh6 33. Rg1 Rg8 34. Rxg8 Rxg8 35. Rxc6 Rg2 36. Bg1 Rd2 37. Rc7 Bg5 38. Rxa7 Bh4 39. Nb7 Rd1 40. Nd8+ 0-1

[Event "TUR-chT 2nd League"]
[Site "Konya"]
[Date "2022.08.25"]
[Round "5.4"]
[White "Tepeli, Sugra"]
[Black "Sade, Defne"]
[Result "1-0"]
[WhiteElo "1444"]
[BlackElo "1894"]
[PlyCount "83"]
[EventDate "2022.08.22"]
[EventType "team-swiss"]
[EventRounds "9"]
[EventCountry "TUR"]
[SourceTitle "CBM 210 Extra"]
[Source "ChessBase"]
[SourceDate "2022.11.30"]
[SourceVersion "1"]
[SourceVersionDate "2022.11.30"]
[SourceQuality "1"]
[WhiteTeam "Cesme Belediye"]
[BlackTeam "Alacati Satranc"]
[WhiteTeamCountry "TUR"]
[BlackTeamCountry "TUR"]

1. e4 e5 2. Nf3 Nc6 3. Bc4 Bc5 4. d3 Nf6 5. c3 a6 6. a4 d6 7. b4 Bb6 8. 0-0 h6 9. Be3 0-0 10. Bxb6 cxb6 11. Re1 Bg4 12. Nbd2 Ne7 13. Rc1 Ng6 14. h3 Bd7 15. Bb3 b5 16. axb5 axb5 17. d4 Qe7 18. c4 Nf4 19. Rc3 Rac8 20. Qc2 N6h5 21. Kh2 exd4 22. Nxd4 Nxh3 23. N2f3 bxc4 24. Rxc4 Ng5 25. e5 d5 26. Rc5 Ne4 27. Rc7 Nxf2 28. Bxd5 Ng4+ 29. Kg1 Qxb4 30. Bxf7+ Kh8 31. Bxh5 Rxf3 32. Rxc8+ Bxc8 33. Nxf3 Qb6+ 34. Kh1 Nf2+ 35. Kh2 Bg4 36. Bxg4 Nxg4+ 37. Kg3 h5 38. Qc8+ Kh7 39. Qf5+ Kg8 40. Qxh5 Qf2+ 41. Kxg4 Qxg2+ 42. Kf4 1-0

[Event "EU-ch U16 Girls"]
[Site "Bratislava"]
[Date "2019.08.05"]
[Round "4"]
[White "Eizaguerri Floris, Maria"]
[Black "Sade, Defne"]
[Result "0-1"]
[WhiteElo "2136"]
[BlackElo "1856"]
[PlyCount "34"]
[EventDate "2019.08.02"]
[EventType "swiss"]
[EventRounds "9"]
[EventCountry "SVK"]
[SourceTitle "CBM 191 Extra"]
[Source "ChessBase"]
[SourceDate "2019.09.30"]
[SourceVersion "1"]
[SourceVersionDate "2019.09.30"]
[SourceQuality "1"]

1. e4 e5 2. Nf3 Nc6 3. Bc4 Bc5 4. c3 Nf6 5. d3 a6 6. Bb3 Ba7 7. Nbd2 0-0 8. 0-0 d6 9. h3 Nh5 10. Re1 Qf6 11. Nf1 Qg6 12. Nh4 Qf6 13. Nf3 Qg6 14. g4 Bxg4 15. hxg4 Qxg4+ 16. Kh1 Bxf2 17. N3h2 Qg1# 0-1

[Event "TUR-chT 2nd League"]
[Site "Konya"]
[Date "2019.07.24"]
[Round "4.1"]
[White "Gunes, Deren"]
[Black "Sade, Defne"]
[Result "0-1"]
[WhiteElo "1266"]
[BlackElo "1897"]
[PlyCount "110"]
[EventDate "2019.07.22"]
[EventType "team-swiss"]
[EventRounds "9"]
[EventCountry "TUR"]
[SourceTitle "CBM 191 Extra"]
[Source "ChessBase"]
[SourceDate "2019.09.30"]
[SourceVersion "1"]
[SourceVersionDate "2019.09.30"]
[SourceQuality "1"]
[WhiteTeam "Mugla Ortaca Belediye"]
[BlackTeam "Koroglu Dernegi"]
[WhiteTeamCountry "TUR"]
[BlackTeamCountry "TUR"]

1. e4 e5 2. Nf3 Nc6 3. Bb5 a6 4. Ba4 Nf6 5. 0-0 Be7 6. Re1 b5 7. Bb3 d6 8. c3 0-0 9. d4 Bg4 10. Be3 Bh5 11. Nbd2 Re8 12. Rc1 Bf8 13. Qc2 Na5 14. Bg5 Nxb3 15. Qxb3 h6 16. Bxf6 Qxf6 17. d5 Reb8 18. a3 a5 19. Rc2 g5 20. h3 g4 21. hxg4 Bxg4 22. c4 b4 23. Nh2 Bd7 24. a4 Be7 25. Qg3+ Kh7 26. b3 Rg8 27. Qf3 Qg6 28. Ndf1 f5 29. exf5 Bxf5 30. Rce2 Raf8 31. Qg3 Qh5 32. Qf3 Qxf3 33. Nxf3 Bg4 34. Ng3 Bxf3 35. gxf3 h5 36. Kh1 Rxf3 37. Rb2 h4 38. Kg2 Rf6 39. Rh1 Rh6 40. Rbb1 hxg3 41. fxg3 Rf8 42. Rbe1 Rxh1 43. Rxh1+ Kg6 44. g4 Bg5 45. Re1 Rf4 46. Kg3 e4 47. Re3 Rxg4+ 48. Kxg4 Bxe3 49. Kh4 Kf5 50. Kg3 Bc5 51. Kg2 Kf4 52. Kf1 Ke3 53. Ke1 Kd3 54. Kd1 Bf2 55. Kc1 e3 0-1

[Event "EU-ch (Women) 20th"]
[Site "Antalya"]
[Date "2019.04.16"]
[Round "6"]
[White "Sade, Defne"]
[Black "Gevorgyan, Maria"]
[Result "0-1"]
[WhiteElo "2013"]
[BlackElo "2256"]
[PlyCount "116"]
[EventDate "2019.04.11"]
[EventType "swiss"]
[EventRounds "11"]
[EventCountry "TUR"]
[SourceTitle "CBM 190"]
[Source "ChessBase"]
[SourceDate "2019.06.30"]
[SourceVersion "1"]
[SourceVersionDate "2019.06.30"]
[SourceQuality "1"]

1. e4 c5 2. Nf3 Nc6 3. d4 cxd4 4. Nxd4 g6 5. Nc3 Bg7 6. Be3 Nf6 7. Bc4 0-0 8. Bb3 Re8 9. h3 d6 10. 0-0 Na5 11. Qd3 b6 12. Nd5 Nxb3 13. axb3 Bb7 14. c4 Nxd5 15. exd5 a6 16. Rad1 Qc7 17. Rfe1 e6 18. dxe6 fxe6 19. Nf3 Rad8 20. Bg5 Rd7 21. Bf4 Qc6 22. Bg3 Bxb2 23. Be5 Bxe5 24. Rxe5 Ree7 25. Rg5 Qe4 26. Qd2 e5 27. Rg4 Qf5 28. Nh4 Qf6 29. Qe3 Rg7 30. Nf3 Bxf3 31. Qxf3 Qxf3 32. gxf3 Rgf7 33. Rd3 Kf8 34. Re4 Ke7 35. Re2 Ke6 36. Red2 b5 37. Ra2 bxc4 38. bxc4 Ra7 39. Rad2 Rfd7 40. Rd5 Rac7 41. Ra5 Rc6 42. Kg2 Rb7 43. Kg3 Rb3 44. h4 Rc3 45. Rda2 R6xc4 46. Rxa6 Rf4 47. Rd2 Rfxf3+ 48. Kg4 Rfd3 49. Rxd3 Rxd3 50. Kg5 Rf3 51. Ra2 Rf5+ 52. Kg4 e4 53. Re2 Ke5 54. Ra2 d5 55. Ra7 Rxf2 56. Rxh7 e3 57. Kg5 Rf5+ 58. Kxg6 Rf6+ 0-1

[Event "TUR-ch (Women)"]
[Site "Antalya"]
[Date "2019.03.04"]
[Round "2"]
[White "Akat, Elifnaz"]
[Black "Sade, Defne"]
[Result "0-1"]
[WhiteElo "1468"]
[BlackElo "1978"]
[PlyCount "50"]
[EventDate "2019.03.03"]
[EventType "swiss"]
[EventRounds "9"]
[EventCountry "TUR"]
[SourceTitle "CBM 189 Extra"]
[Source "ChessBase"]
[SourceDate "2019.06.03"]
[SourceVersion "1"]
[SourceVersionDate "2019.06.03"]
[SourceQuality "1"]

1. e4 e5 2. Nf3 Nc6 3. Nc3 Nf6 4. d4 exd4 5. Nxd4 Bb4 6. Nxc6 bxc6 7. Bd3 d5 8. exd5 cxd5 9. 0-0 0-0 10. Bg5 c6 11. Qf3 Rb8 12. Bxf6 Qxf6 13. Qxf6 gxf6 14. Rab1 Re8 15. h3 Be6 16. a3 Bd6 17. f4 a5 18. f5 Bd7 19. Na2 c5 20. c4 Re3 21. Rfd1 Rxd3 22. Rxd3 Bxf5 23. Rxd5 Bxb1 24. Nc3 Be5 25. Nxb1 Bd4+ 0-1

[Event "TUR-ch (Women)"]
[Site "Antalya"]
[Date "2019.03.04"]
[Round "3"]
[White "Sade, Defne"]
[Black "Gur, Tuba"]
[Result "1-0"]
[WhiteElo "1978"]
[BlackElo "1723"]
[PlyCount "49"]
[EventDate "2019.03.03"]
[EventType "swiss"]
[EventRounds "9"]
[EventCountry "TUR"]
[SourceTitle "CBM 189 Extra"]
[Source "ChessBase"]
[SourceDate "2019.06.03"]
[SourceVersion "1"]
[SourceVersionDate "2019.06.03"]
[SourceQuality "1"]

1. e4 c5 2. Nf3 e6 3. d4 cxd4 4. Nxd4 a6 5. c4 Nf6 6. Nc3 Qc7 7. Be2 b6 8. Be3 Bb7 9. f3 d6 10. 0-0 Nbd7 11. a4 Be7 12. a5 bxa5 13. Nb3 Rb8 14. Nxa5 Ba8 15. Qd2 0-0 16. Rfc1 Rfc8 17. b4 Ne5 18. b5 d5 19. b6 Rxb6 20. Bxb6 Qxb6+ 21. Kh1 Bb4 22. cxd5 Bxa5 23. Na4 Rxc1+ 24. Rxc1 Qd8 25. Qxa5 1-0

[Event "Suleymanpasa Rodostosah (Women)"]
[Site "Tekirdag"]
[Date "2019.02.15"]
[Round "8.5"]
[White "Brankovic, Dejan"]
[Black "Sade, Defne"]
[Result "1-0"]
[WhiteElo "2318"]
[BlackElo "1916"]
[PlyCount "195"]
[EventDate "2019.02.10"]
[EventType "schev"]
[EventRounds "10"]
[EventCountry "TUR"]
[SourceTitle "CBM 188 Extra"]
[Source "ChessBase"]
[SourceDate "2019.02.26"]
[SourceVersion "1"]
[SourceVersionDate "2019.02.26"]
[SourceQuality "1"]
[WhiteTeam "Pink Team"]
[BlackTeam "Red Team"]
[WhiteTeamCountry "TUR"]
[BlackTeamCountry "TUR"]

1. e4 e5 2. Nf3 Nc6 3. c3 Nf6 4. d4 d6 5. Bd3 Be7 6. 0-0 0-0 7. Nbd2 Re8 8. h3 Bf8 9. Re1 g6 10. dxe5 dxe5 11. Bc4 Be6 12. Bxe6 Rxe6 13. Qb3 b6 14. Ng5 Re7 15. Nc4 h6 16. Qa4 Qe8 17. Nf3 Rd8 18. b3 Re6 19. Bb2 Nd7 20. b4 Nf6 21. Qc2 a6 22. Rad1 Rxd1 23. Rxd1 b5 24. Ne3 Rd6 25. Rxd6 Bxd6 26. a3 Nb8 27. c4 c6 28. c5 Bc7 29. Nh2 Nbd7 30. Nhg4 h5 31. Nh2 Nh7 32. Nf3 Qe7 33. Bc3 Nhf8 34. a4 Kh7 35. axb5 axb5 36. Qa2 f6 37. Qa8 Nb8 38. g3 Qd7 39. Qa2 Qe6 40. Qa7 Qd7 41. Kg2 Ne6 42. Qa2 Nf8 43. Qc2 Ne6 44. Qb3 Nf8 45. Bb2 Qe6 46. Qa3 Qd7 47. Bc1 Ne6 48. Nc2 Bd8 49. Bd2 Be7 50. Qa8 Qc7 51. Be3 Bf8 52. Na1 Qc8 53. Nb3 Nd8 54. Na5 Qc7 55. Nb3 Qb7 56. Qa2 Qf7 57. Qd2 Qd7 58. Qb2 Bg7 59. Qc2 Qf7 60. Na5 Qd7 61. Bd2 Bf8 62. Bc3 Bg7 63. Nb3 Ne6 64. Qb1 Nd8 65. Bd2 Qe6 66. Na5 Qd7 67. Bc3 Qe6 68. Bxe5 Nd7 69. Bc3 Nf7 70. Qd3 Nde5 71. Bxe5 fxe5 72. Qb3 Qxb3 73. Nxb3 Kg8 74. Na5 Nd8 75. Kf1 Kf7 76. Ke2 Ke6 77. Kd3 Bf6 78. Ke3 Bg7 79. h4 Kd7 80. Kd3 Ke6 81. Ng5+ Kf6 82. f4 Ke7 83. Nf3 exf4 84. gxf4 Ke6 85. Nb3 Bb2 86. Nbd4+ Ke7 87. Ne5 Kf6 88. Nexc6 Nxc6 89. Nxc6 Bc1 90. e5+ Kf7 91. Ke4 Bd2 92. f5 Be1 93. e6+ Kf6 94. fxg6 Kxg6 95. Nd4 Bxb4 96. c6 Ba5 97. Nxb5 Kf6 98. c7 1-0

[Event "TUR Cup"]
[Site "Antalya"]
[Date "2019.02.02"]
[Round "10"]
[White "Aslanhan, Halis"]
[Black "Sade, Defne"]
[Result "1/2-1/2"]
[WhiteElo "1779"]
[BlackElo "1952"]
[PlyCount "104"]
[EventDate "2019.01.27"]
[EventType "swiss"]
[EventRounds "11"]
[EventCountry "TUR"]
[SourceTitle "CBM 188 Extra"]
[Source "ChessBase"]
[SourceDate "2019.02.26"]
[SourceVersion "1"]
[SourceVersionDate "2019.02.26"]
[SourceQuality "1"]

1. e4 e5 2. Nf3 Nc6 3. d4 exd4 4. Nxd4 Bb4+ 5. c3 Bc5 6. Nxc6 bxc6 7. Bc4 d6 8. 0-0 Nf6 9. Bg5 h6 10. Bxf6 Qxf6 11. Nd2 0-0 12. Nb3 Bb6 13. Bd3 Qg5 14. Kh1 f5 15. exf5 Bxf5 16. Bxf5 Rxf5 17. Qe2 Raf8 18. f3 Qh4 19. g3 Qf6 20. f4 g5 21. Nd2 gxf4 22. gxf4 Kh7 23. Ne4 Qg6 24. Qd2 Rh5 25. Qg2 Qxg2+ 26. Kxg2 Rhf5 27. Rae1 Rxf4 28. Rxf4 Rxf4 29. Re2 Kg6 30. Nd2 h5 31. h3 d5 32. Nf3 c5 33. Re5 d4 34. c4 c6 35. b3 h4 36. Re6+ Kf5 37. Re5+ Kf6 38. Re8 Kf7 39. Re2 Ba5 40. Ne5+ Kg7 41. Nd3 Rf5 42. Re5 Rxe5 43. Nxe5 Kf6 44. Nd3 Bb6 45. Kf3 Kf5 46. Nf2 Bc7 47. Nd3 Bd6 48. Nf2 Bf8 49. Nd3 Be7 50. Nf2 Bd6 51. Nd3 Be7 52. Nf2 Ke5 1/2-1/2

[Event "TUR Cup"]
[Site "Antalya"]
[Date "2019.01.28"]
[Round "2"]
[White "Bilgin, Kaan Bora"]
[Black "Sade, Defne"]
[Result "0-1"]
[WhiteElo "1277"]
[BlackElo "1952"]
[PlyCount "100"]
[EventDate "2019.01.27"]
[EventType "swiss"]
[EventRounds "11"]
[EventCountry "TUR"]
[SourceTitle "CBM 188 Extra"]
[Source "ChessBase"]
[SourceDate "2019.02.26"]
[SourceVersion "1"]
[SourceVersionDate "2019.02.26"]
[SourceQuality "1"]

1. e4 e5 2. Nf3 Nc6 3. Bc4 Bc5 4. c3 Nf6 5. d3 d6 6. 0-0 a6 7. a4 Ba7 8. Re1 h6 9. Nbd2 0-0 10. Nf1 Be6 11. Bxe6 fxe6 12. d4 Qe8 13. dxe5 dxe5 14. Qb3 Rb8 15. Ng3 Kh7 16. h3 Qg6 17. Qc4 Qxg3 18. Be3 Bxe3 19. Rxe3 Qg6 20. Qxe6 Rbe8 21. Qb3 b6 22. Qc4 Nh5 23. Nh4 Qe6 24. Qxa6 Qf6 25. Nf3 Nf4 26. b4 Qg6 27. Qf1 Nxh3+ 28. Kh2 Ng5 29. Nxg5+ Qxg5 30. a5 bxa5 31. Rg3 Qh4+ 32. Kg1 Qxg3 33. fxg3 Rxf1+ 34. Rxf1 axb4 35. cxb4 Nxb4 36. Rf7 c6 37. Rb7 Nd3 38. Rb6 Rc8 39. Rb3 Nc5 40. Rc3 Nxe4 41. Re3 Ng5 42. Rxe5 c5 43. Re1 c4 44. Rc1 c3 45. Kf2 Ne4+ 46. Kf3 Ng5+ 47. Ke2 c2 48. Kd3 Kg6 49. Rxc2 Rxc2 50. Kxc2 Kf5 0-1

[Event "TUR Cup"]
[Site "Antalya"]
[Date "2019.01.27"]
[Round "1"]
[White "Sade, Defne"]
[Black "Sahin, Onur"]
[Result "1-0"]
[WhiteElo "1952"]
[BlackElo "1495"]
[PlyCount "169"]
[EventDate "2019.01.27"]
[EventType "swiss"]
[EventRounds "11"]
[EventCountry "TUR"]
[SourceTitle "CBM 188 Extra"]
[Source "ChessBase"]
[SourceDate "2019.02.26"]
[SourceVersion "1"]
[SourceVersionDate "2019.02.26"]
[SourceQuality "1"]

1. e4 g6 2. d4 Bg7 3. Nc3 d6 4. f4 Nf6 5. Nf3 0-0 6. Be2 Nc6 7. 0-0 Nd7 8. Be3 e5 9. fxe5 dxe5 10. d5 Ne7 11. Qe1 Nf6 12. Qh4 Ne8 13. Ng5 h6 14. Nf3 Kh7 15. Rad1 Nd6 16. Rf2 f5 17. Bg5 Rf7 18. Rdf1 Bd7 19. Bd2 Rf8 20. Bg5 Rf7 21. h3 Qf8 22. Nd2 Kg8 23. Bxe7 Qxe7 24. Qxe7 Rxe7 25. g4 f4 26. Nc4 a6 27. Nxd6 cxd6 28. Bc4 Rc8 29. Bb3 Bf6 30. Rd2 Be8 31. a4 b6 32. Na2 b5 33. axb5 Bxb5 34. Rc1 Bc4 35. Bxc4 Rxc4 36. Re2 f3 37. Rf2 Rxe4 38. Rxf3 Bg5 39. Rcf1 Bf4 40. Rc3 Re3 41. Rc6 Rd7 42. Rxa6 Rxh3 43. Nb4 Rg3+ 44. Kf2 Rxg4 45. Nd3 Bg5 46. Ke1 e4 47. Nb4 Rb7 48. Ra8+ Kg7 49. c3 Rf4 50. Re8 Rxf1+ 51. Kxf1 Rf7+ 52. Ke2 e3 53. Nd3 h5 54. Ra8 Rf5 55. c4 h4 56. Ra1 Bf4 57. b4 g5 58. b5 Rf7 59. b6 h3 60. Nxf4 gxf4 61. Kf3 h2 62. Rh1 Rb7 63. Rxh2 Rxb6 64. Kxf4 Rb4 65. Kxe3 Rxc4 66. Kd3 Rg4 67. Re2 Rg6 68. Kc4 Kf7 69. Kb5 Rf6 70. Kc6 Kf8 71. Kd7 Kf7 72. Re6 Rf3 73. Kxd6 Rc3 74. Re2 Rc8 75. Kd7 Ra8 76. d6 Ra7+ 77. Kc8 Ra8+ 78. Kb7 Ra3 79. d7 Rd3 80. Kc7 Rc3+ 81. Kd8 Rc6 82. Rf2+ Kg7 83. Ke7 Rc7 84. Rg2+ Kh7 85. Ke8 1-0

[Event "World ol U16"]
[Site "Konya"]
[Date "2018.11.30"]
[Round "6.19"]
[White "Johannsson, Birkir Isak"]
[Black "Sade, Defne"]
[Result "1/2-1/2"]
[WhiteElo "1949"]
[BlackElo "1888"]
[PlyCount "80"]
[EventDate "2018.11.25"]
[EventType "team-swiss"]
[EventRounds "9"]
[EventCountry "TUR"]
[SourceTitle "CBM 187 Extra"]
[Source "ChessBase"]
[SourceDate "2018.11.04"]
[SourceVersion "1"]
[SourceVersionDate "2018.11.04"]
[SourceQuality "1"]
[WhiteTeam "Iceland"]
[BlackTeam "Turkey Girls"]
[WhiteTeamCountry "ISL"]
[BlackTeamCountry "TUR"]

1. d4 d5 2. c4 c6 3. Nf3 Nf6 4. e3 Bf5 5. Nc3 e6 6. Nh4 Be4 7. f3 Bg6 8. Qb3 Qb6 9. Bd2 Nbd7 10. 0-0-0 Qxb3 11. axb3 Bd6 12. Nxg6 hxg6 13. h3 Nh5 14. Bd3 Ng3 15. Rhe1 0-0 16. Kc2 Rfe8 17. e4 dxe4 18. Nxe4 Nxe4 19. Bxe4 Nf6 20. Bd3 Rad8 21. Bc3 Bc7 22. b4 Rd7 23. Bf1 Red8 24. Rd2 a6 25. Red1 Bf4 26. Rd3 Bc7 27. Be1 Bb6 28. Bc3 Nh5 29. R3d2 Ng3 30. Kb3 Nxf1 31. Rxf1 Bxd4 32. Rfd1 e5 33. Bxd4 exd4 34. c5 Kf8 35. Kc4 d3 36. Rxd3 Rxd3 37. Rxd3 Rxd3 38. Kxd3 Ke7 39. f4 Ke6 40. Ke4 f6 1/2-1/2